| 000 | 00731cam a2200265 a 4500 | ||
|---|---|---|---|
| 999 |
_c3291 _d3291 |
||
| 001 | 1463983 | ||
| 003 | OSt | ||
| 005 | 20181108120529.0 | ||
| 008 | 881216s1987 mou b 000 0 eng | ||
| 010 | _a 86083084 | ||
| 020 | _a0882437984 (pbk.) | ||
| 040 |
_aDLC _cDLC _dDLC |
||
| 050 | 0 | 0 |
_aBV1521 _b.D34 1987 |
| 082 | 0 | 0 |
_a268 _219 _bD261D |
| 100 | 1 | _aDavis, Billie. | |
| 245 | 1 | 4 |
_aThe dynamic classroom / _cBillie Davis. |
| 260 |
_aSpringfield, Mo. : _bGospel Pub. House, _cc1987. |
||
| 300 |
_a141 p. ; _c19 cm. |
||
| 504 | _aIncludes bibliographies. | ||
| 650 | 0 | _aSunday schools. | |
| 650 | 0 | _aSocial groups. | |
| 650 | 0 | _aChurch group work. | |
| 906 |
_a7 _bcbc _corignew _d3 _eopcn _f19 _gy-gencatlg |
||
| 942 |
_2ddc _cBK |
||